Statistics for Most Viewed People on Wikipedia by Letter

Click here to take the quiz!

General Stats

  • This quiz has been taken 395 times
  • The average score is 10 of 20

Answer Stats

LetterViewsHintPerson% Correct
E139 mRoyalElizabeth II
84%
A115 mLeaderAdolf Hitler
74%
D226 mLeaderDonald Trump
74%
W73 mPlaywrightWilliam Shakespeare
71%
B152 mLeaderBarack Obama
70%
M127 mMusicianMichael Jackson
69%
V73 mRoyalQueen Victoria
69%
K99 mMedia PersonalityKim Kardashian
65%
S99 mEntrepreneurSteve Jobs
57%
C115 mAthleteCristiano Ronaldo
50%
F99 mMusicianFreddie Mercury
49%
U58 mWrestlerThe Undertaker
38%
G67 mLeaderGeorge W. Bush
36%
P74 mCriminalPablo Escobar
34%
T88 mMusicianTaylor Swift
33%
J105 mMusicianJustin Bieber
32%
R82 mMusicianRihanna
30%
L120 mMusicianLady Gaga
26%
H65 mActorHeath Ledger
14%
N71 mMusicianNicki Minaj
8%

Score Distribution

Percentile by Number Answered

Percent of People with Each Score

Your Score History

You have not taken this quiz